| 000 | 00000nam##2200000za#4500 |
| 001 | 9.529462 |
| 003 | CaOODSP |
| 005 | 20200401015936 |
| 007 | ta |
| 008 | 150406|1997||||xxc||||| f|0| 0 eng|d |
| 020 | |a0-662-63184-6 |
| 040 | |aCaOODSP|beng |
| 041 | |aeng |
| 041 | |afre |
| 043 | |an-cn--- |
| 086 | 1 |aC21-24/17-1997 |
| 110 | 1 |aCanada.|bIndustry Canada. |bMicro-Economic Analysis Directorate. |
| 245 | 10|aImpact of China's trade and foreign investment reforms on the world economy / |cby Winnie Lam. |
| 260 | |aOttawa - Ontario : |bIndustry Canada. |cOctober 1997. |
| 300 | |aEnglish text, ii, 75p. : |bgraphs, tables ; |c28 cm. |
| 490 | 1 |aWorking paper|vNo. 17 |
| 500 | |a"This study begins by examining the increased significance of trade and investment, the changing comparative advantage of China, and the changing inter-regional relationship in trade and investment between China and Hong Kong, Canada as well as other economies after 1978."--Introduction. |
| 504 | |aBibliography. |
| 520 | 3 |aThis study begins by examining the increased significance of trade and investment, the changing comparative advantage of China, and the changing inter-regional relationship in trade and investment between China and Hong Kong, Canada as well as other economies after 1978.--Introduction |
| 546 | |aBilingual |
| 563 | |aSoftcover |
| 590 | |a97-45|b1997-11-07 |
| 690 | 07|aForeign investments|2gcpds |
| 720 | 1 |aLam, Winnie |
| 776 | 0#|tIncidence sur l'économie mondiale des réformes en matière d'investissement étranger et de commerce mises en oeuvre en Chine / |w(CaOODSP)9.601229 |
| 776 | 0#|tImpact of China's trade and foreign investment reforms on the world economy / |w(CaOODSP)9.570580 |
| 792 | |tIncidence sur l'économie mondiale des réformes en matière d'investissement étranger et de commerce mises en oeuvre en Chine / |efre|w(CaOODSP)9.529463 |
| 830 | #0|aWorking paper ;|vNo. 17|w(CaOODSP)9.509052 |